[Event "Vecindario Montalvo Memorial 16th"]
[Site "Vecindario"]
[Date "2024.03.25"]
[Round "3"]
[White "Segura Marsa, Andres"]
[Black "Ascension Suarez, Joel"]
[Result "1/2-1/2"]
[WhiteElo "1987"]
[BlackElo "1731"]
[PlyCount "77"]
[EventDate "2024.03.23"]
[EventType "swiss"]
[EventRounds "9"]
[EventCountry "ESP"]
[SourceTitle "CB15_2024"]
[SourceDate "2024.04.10"]
[SourceVersion "1"]
[SourceVersionDate "2024.04.10"]
[SourceQuality "1"]

1. c4 b6 2. Nc3 Bb7 3. e4 e6 4. g3 Bb4 5. Bg2 Ne7 6. a3 Bxc3 7. bxc3 0-0 8. Nf3 Bxe4 9. d3 Bb7 10. 0-0 d5 11. cxd5 Nxd5 12. c4 Nf6 13. d4 Nbd7 14. c5 bxc5 15. dxc5 Nxc5 16. Qc2 Ncd7 17. Rd1 Bd5 18. Bf4 c5 19. Ne5 Rc8 20. Qa4 Nb6 21. Qb5 Qe8 22. a4 Qxb5 23. axb5 Bxg2 24. Kxg2 Nfd5 25. Rxa7 Nc3 26. Rc1 Nxb5 27. Rb7 Rb8 28. Rxb8 Rxb8 29. Nd7 Nxd7 30. Bxb8 Nxb8 31. Rb1 Nd7 32. Rxb5 Kf8 33. Rb7 Ke7 34. Kf3 Kd6 35. Ke3 g6 36. Ra7 h5 37. Ke4 Nf6+ 38. Kd3 Ng4 39. Ke2 1/2-1/2

[Event "Vecindario Montalvo Memorial 16th"]
[Site "Vecindario"]
[Date "2024.03.23"]
[Round "1"]
[White "Segura Marsa, Andres"]
[Black "Almeida Afonso, Dolores Francisca"]
[Result "1-0"]
[WhiteElo "1987"]
[BlackElo "1572"]
[PlyCount "72"]
[EventDate "2024.03.23"]
[EventType "swiss"]
[EventRounds "9"]
[EventCountry "ESP"]
[SourceTitle "CB15_2024"]
[SourceDate "2024.04.10"]
[SourceVersion "1"]
[SourceVersionDate "2024.04.10"]
[SourceQuality "1"]

1. c4 e5 2. Nc3 Nf6 3. g3 Bc5 4. Bg2 0-0 5. e3 d6 6. Nge2 Nc6 7. 0-0 Bf5 8. d3 Rb8 9. Na4 Qd7 10. a3 a5 11. Nec3 Ne7 12. d4 Ba7 13. Nb5 Nc8 14. b4 b6 15. Bb2 Re8 16. Nac3 c6 17. Nxa7 Nxa7 18. dxe5 dxe5 19. Qxd7 Nxd7 20. Rfd1 Rbd8 21. Ne4 Bxe4 22. Bxe4 f6 23. Rd6 Nb8 24. Rad1 Rxd6 25. Rxd6 Nc8 26. Rd1 Kf7 27. bxa5 bxa5 28. Bc3 a4 29. Ba5 Ke6 30. Bc2 Nd6 31. Bxa4 Rc8 32. Rb1 Nd7 33. Be1 Nxc4 34. Bb3 Ndb6 35. Ba5 Rb8 36. Bxb6 Kd5 1-0

[Event "Tenerife-chT Preferente"]
[Site "Tenerife"]
[Date "2023.02.04"]
[Round "4.3"]
[White "Perez Perez, Gabriel"]
[Black "Segura Marsa, Andres"]
[Result "1/2-1/2"]
[WhiteElo "2188"]
[BlackElo "1893"]
[PlyCount "126"]
[EventDate "2023.01.14"]
[EventType "team-tourn"]
[EventRounds "14"]
[EventCountry "ESP"]
[SourceTitle "EXT 2024"]
[Source "ChessBase"]
[SourceDate "2023.10.10"]
[SourceVersion "1"]
[SourceVersionDate "2023.10.10"]
[SourceQuality "1"]
[WhiteTeam "Ebano Barrio Nuevo"]
[BlackTeam "Caissa Enroque"]
[WhiteTeamCountry "ESP"]
[BlackTeamCountry "ESP"]

1. d4 Nf6 2. c4 g6 3. h4 c5 4. d5 e6 5. Nc3 exd5 6. cxd5 d6 7. e4 a6 8. a4 h5 9. g3 Bg7 10. Bg2 0-0 11. Bf4 Re8 12. Nge2 Qc7 13. 0-0 Nbd7 14. Qc2 Ne5 15. f3 Bd7 16. a5 Bb5 17. Kh2 Bd3 18. Qd2 c4 19. Bxe5 Rxe5 20. Rfd1 Bxe2 21. Qxe2 Ree8 22. Ra4 Rac8 23. Bh3 Nd7 24. Rc1 f5 25. Qc2 Ne5 26. exf5 Nxf3+ 27. Kh1 Qd7 28. Raa1 Re3 29. Kg2 Nxh4+ 30. gxh4 Bxc3 31. bxc3 Rce8 32. Ra2 Qe7 33. f6 Qxf6 34. Qf2 Qe5 35. Be6+ Kh8 36. Rf1 Qxc3 37. Qf6+ Qxf6 38. Rxf6 Kg7 39. Rf7+ Kh6 40. Raf2 c3 41. Rc7 Re4 42. Kg3 Re3+ 43. Rf3 Rxf3+ 44. Kxf3 Rf8+ 45. Kg3 Rf1 46. Rxc3 Ra1 47. Rc7 Rxa5 48. Bg8 g5 49. hxg5+ Kxg5 50. Rxb7 Ra3+ 51. Kg2 Kf4 52. Be6 a5 53. Rd7 Ra2+ 54. Kh3 Ke5 55. Rh7 a4 56. Rxh5+ Kd4 57. Rh8 a3 58. Ra8 Ra1 59. Kg2 a2 60. Ra5 Kc3 61. Bf5 Kb2 62. Rb5+ Kc3 63. Ra5 Kb2 1/2-1/2

[Event "Santa Cruz Christmas op 32nd"]
[Site "Santa Cruz"]
[Date "2022.12.27"]
[Round "7"]
[White "Perera Gonzalez, Pablo"]
[Black "Segura Marsa, Andres"]
[Result "0-1"]
[WhiteElo "2125"]
[BlackElo "1893"]
[PlyCount "84"]
[EventDate "2022.12.15"]
[EventType "swiss"]
[EventRounds "9"]
[EventCountry "ESP"]
[SourceTitle "EXT 2024"]
[Source "ChessBase"]
[SourceDate "2023.10.10"]
[SourceVersion "1"]
[SourceVersionDate "2023.10.10"]
[SourceQuality "1"]

1. d4 Nf6 2. c4 g6 3. Nc3 Bg7 4. e4 d6 5. Nf3 0-0 6. Be2 e5 7. 0-0 exd4 8. Nxd4 Re8 9. f3 c6 10. Kh1 Nh5 11. f4 Qh4 12. Bxh5 Qxh5 13. Nf3 Be6 14. c5 Qxc5 15. e5 dxe5 16. fxe5 Nd7 17. Ne4 Qd5 18. Nd6 Qxd1 19. Rxd1 Rf8 20. Bf4 Bd5 21. Re1 Nc5 22. Re3 Ne6 23. Bg3 Bh6 24. Ra3 b5 25. Rd1 b4 26. Ra5 Be3 27. Nd2 Bb6 28. Ra4 a5 29. N2e4 Rfd8 30. Rc1 Kg7 31. Bf2 Bxf2 32. Nxf2 c5 33. Nfe4 Bc6 34. b3 Bxa4 35. bxa4 Rd7 36. Rf1 Rad8 37. g4 h6 38. h4 c4 39. Nxc4 Rd1 40. Kg2 Rxf1 41. Kxf1 Rd1+ 42. Ke2 Ra1 0-1

[Event "Gran Canaria Cabildo Cup"]
[Site "Gran Canaria"]
[Date "2022.04.15"]
[Round "7"]
[White "Bressac, Stephane"]
[Black "Segura Marsa, Andres"]
[Result "1-0"]
[WhiteElo "2295"]
[BlackElo "1818"]
[PlyCount "49"]
[EventDate "2022.04.10"]
[EventType "swiss"]
[EventRounds "7"]
[EventCountry "ESP"]
[SourceTitle "CBM 207 Extra"]
[Source "ChessBase"]
[SourceDate "2022.05.31"]
[SourceVersion "1"]
[SourceVersionDate "2022.05.31"]
[SourceQuality "1"]

1. e4 c6 2. d4 d5 3. exd5 cxd5 4. Bd3 Nc6 5. c3 Qc7 6. Ne2 Bg4 7. Qb3 Bxe2 8. Bxe2 Nf6 9. 0-0 e6 10. Nd2 Bd6 11. Nf3 0-0 12. Bd3 h6 13. Re1 a6 14. a4 Rab8 15. Qd1 b5 16. Qe2 Qb6 17. Ne5 Be7 18. Bf4 Nxe5 19. dxe5 Nd7 20. axb5 axb5 21. Qg4 Kh8 22. Re3 Bc5 23. Rh3 Bxf2+ 24. Kh1 f5 25. Qg6 1-0

[Event "Liga Insular Gran Canaria 1a"]
[Site "Las Palmas"]
[Date "2019.03.09"]
[Round "2.3"]
[White "Moreno Ramos, Aristides"]
[Black "Segura Marsa, Andres"]
[Result "0-1"]
[WhiteElo "1658"]
[BlackElo "1599"]
[PlyCount "82"]
[EventDate "2019.03.02"]
[EventType "team-tourn"]
[EventRounds "7"]
[EventCountry "ESP"]
[SourceTitle "EXT 2021"]
[Source "ChessBase"]
[SourceDate "2020.10.23"]
[SourceVersion "1"]
[SourceVersionDate "2020.10.23"]
[SourceQuality "1"]
[WhiteTeam "Sociedad La Montana II"]
[BlackTeam "El Puertillo"]
[WhiteTeamCountry "ESP"]
[BlackTeamCountry "ESP"]

1. d4 Nf6 2. Nf3 g6 3. Bf4 Bg7 4. e3 0-0 5. Be2 d6 6. Nc3 Nbd7 7. Qd2 a6 8. 0-0-0 c5 9. h4 h5 10. e4 b5 11. dxc5 Nxc5 12. Ng5 b4 13. Nd5 Nxd5 14. Qxd5 Bb7 15. Qc4 Qa5 16. Be3 Rac8 17. Bxc5 Rxc5 18. Qb3 Bc6 19. Bc4 Ba4 20. Qd3 Qc7 21. b3 Bb5 22. Bxb5 axb5 23. Kd2 Rc3 24. Qd5 Rxc2+ 25. Ke1 Qc3+ 26. Kf1 Rxa2 27. Rh3 Qc2 28. Rf3 Bf6 29. Kg1 Qc5 30. Qxc5 dxc5 31. Rd5 Rc8 32. e5 Bxg5 33. hxg5 c4 34. bxc4 bxc4 35. Rd7 b3 36. Rxe7 b2 37. Rfxf7 b1Q+ 38. Kh2 Qf5 39. Rxf5 gxf5 40. Rd7 c3 41. e6 Rd2 0-1

[Event "Las Palmas Insular-chT Segunda 1718"]
[Site "Las Palmas"]
[Date "2017.12.16"]
[Round "4.1"]
[White "Gil Quesada, Juan"]
[Black "Segura Marsa, Andres"]
[Result "0-1"]
[WhiteElo "1110"]
[BlackElo "1495"]
[PlyCount "68"]
[EventDate "2017.10.28"]
[EventType "team-swiss"]
[EventRounds "9"]
[EventCountry "ESP"]
[SourceTitle "EXT 2019"]
[Source "ChessBase"]
[SourceDate "2018.10.10"]
[SourceVersion "1"]
[SourceVersionDate "2018.10.10"]
[SourceQuality "1"]
[WhiteTeam "Sociedad La Montana VI"]
[BlackTeam "Puerto Santa Lucia II"]
[WhiteTeamCountry "ESP"]
[BlackTeamCountry "ESP"]

1. d4 Nf6 2. Bg5 e6 3. Nf3 Be7 4. Bxf6 Bxf6 5. e3 d5 6. Bd3 0-0 7. Ne5 c5 8. Qh5 g6 9. Qf3 Nc6 10. Ng4 Bg7 11. c3 Qb6 12. b3 cxd4 13. Nf6+ Kh8 14. 0-0 dxe3 15. fxe3 Ne5 16. Qh3 Bxf6 17. Rxf6 Nxd3 18. Qh6 Bd7 19. Nd2 Qd8 20. Raf1 Qe7 21. R6f3 e5 22. Rh3 Bxh3 23. Rf3 Bf5 24. Nf1 e4 25. Rg3 Qf6 26. Rg5 Be6 27. h4 Qf2+ 28. Kh2 Qxf1 29. h5 Nf2 30. Re5 Ng4+ 31. Kg3 Qf2+ 32. Kh3 Nxe3+ 33. Rxe6 Qxg2+ 34. Kh4 Qg4# 0-1

[Event "Las Palmas Insular-chT Segunda 1718"]
[Site "Las Palmas"]
[Date "2017.10.28"]
[Round "1.1"]
[White "Segura Marsa, Andres"]
[Black "Perez Brito, Avelino"]
[Result "1-0"]
[WhiteElo "1495"]
[BlackElo "1753"]
[PlyCount "55"]
[EventDate "2017.10.28"]
[EventType "team-swiss"]
[EventRounds "9"]
[EventCountry "ESP"]
[SourceTitle "EXT 2019"]
[Source "ChessBase"]
[SourceDate "2018.10.10"]
[SourceVersion "1"]
[SourceVersionDate "2018.10.10"]
[SourceQuality "1"]
[WhiteTeam "Puerto Santa Lucia II"]
[BlackTeam "Anand II"]
[WhiteTeamCountry "ESP"]
[BlackTeamCountry "ESP"]

1. e4 c5 2. Nf3 d6 3. d4 cxd4 4. Nxd4 Nf6 5. Nc3 a6 6. Be2 e6 7. Be3 Qc7 8. Qd2 Be7 9. 0-0-0 Nc6 10. Kb1 0-0 11. g4 b5 12. g5 Nd7 13. Nb3 Nb6 14. Bxb6 Qxb6 15. h4 Bb7 16. h5 Ne5 17. f4 Nc4 18. Qd3 Rfd8 19. g6 fxg6 20. hxg6 h6 21. Qh3 d5 22. Bg4 d4 23. Bxe6+ Kh8 24. Qf5 Rf8 25. Bf7 Ne3 26. Qe5 Bf6 27. Qh5 Nxd1 28. Qxh6+ 1-0